000 004430000a22001690004500
041 0 _aSPA
082 0 4 _aG 274.6 G9847a
100 1 _aGutiérrez Martín, Arturo
245 1 0 _aAlbores del cristianismo en España / Arturo Gutiérrez Martín
260 _aUSA : Portavoz
300 _a110 Pag
001 8576
942 _cBK
999 _c38712
_d38712
336 _atexto
_btxt
_2rdacontent
337 _2rdamedia
_asin mediación
_bn
338 _2rdacarrier
_avolumen
_bnc